000
00320nam a2200133Ia 4500
008
240624s9999 xx 000 0 und d
041
_a
eng
082
_a
920 PHI
100
_a
PHILLIPSON N T
245
_a
ADAM SMITH AN ENLIGHTENED LIFE
260
_c
2011
_a
New York
_b
Penguin Books
300
_a
368 : p.
365
_c
RS
999
_c
18362
_d
18362